F14_小学校4年生で学習する漢字 - Statistics

General Stats
  • This quiz has been taken 5 times
  • The average score is 76 of 202
Answer Stats
画数 漢字 % Correct
4
100%
7
100%
7
100%
8
100%
4
80%
7
80%
7
80%
8
80%
8
80%
8
80%
9
80%
9
80%
9
80%
9
80%
11
80%
11
80%
11 鹿
80%
12
80%
12
80%
12
80%
12
80%
13
80%
14
80%
14
80%
14
80%
15
80%
15
80%
4
60%
5
60%
7
60%
7
60%
7
60%
9
60%
11
60%
11
60%
11
60%
12
60%
13
60%
13
60%
15
60%
15
60%
19
60%
4
40%
5
40%
5
40%
5
40%
5
40%
5
40%
5
40%
5
40%
6
40%
6
40%
6
40%
6
40%
6
40%
6
40%
6
40%
6
40%
7
40%
7
40%
7
40%
7
40%
7
40%
7
40%
7
40%
8
40%
8
40%
8
40%
8
40%
8
40%
8
40%
8
40%
8
40%
9
40%
9
40%
9
40%
9
40%
9
40%
9 便
40%
9
40%
10
40%
10
40%
10
40%
10
40%
10
40%
10
40%
10
40%
11
40%
11
40%
11
40%
11
40%
11
40%
11
40%
12
40%
12
40%
12
40%
12
40%
12
40%
12
40%
12
40%
12
40%
13
40%
13
40%
13
40%
13
40%
14
40%
14
40%
14
40%
15
40%
15
40%
16
40%
16
40%
16
40%
18
40%
20
40%
20
40%
4
20%
5
20%
5
20%
5
20%
6
20%
6
20%
6
20%
7
20%
7
20%
7
20%
7
20%
7
20%
7
20%
7
20%
7
20%
7
20%
7
20%
8
20%
8
20%
8
20%
8
20%
8
20%
8
20%
8
20%
8
20%
8
20%
8
20%
8
20%
8
20%
8
20%
9
20%
9
20%
9
20%
9
20%
9
20%
9
20%
10
20%
10
20%
10
20%
10
20%
10
20%
10
20%
10
20%
10
20%
10
20%
10
20%
10
20%
10
20%
11
20%
11
20%
11
20%
11
20%
11
20%
11
20%
11
20%
12
20%
12
20%
12
20%
12
20%
12
20%
12
20%
12
20%
13
20%
13
20%
13
20%
13
20%
14
20%
14
20%
14
20%
14
20%
15
20%
15
20%
15
20%
15
20%
18
20%
18
20%
19
20%
5
0%
5
0%
5
0%
6
0%
8
0%
9
0%
10
0%
12
0%
12
0%
No matching quizzes found
Score Distribution
Percent of People with Each Score
Percentile by Number Answered
Your Score History
You have not taken this quiz